000 00392nam a2200157Ia 4500
008 230312s9999||||xx |||||||||||||| ||und||
020 _a1-4020-7624-X
082 _a005.8
_bNIN-I
100 _aNing;Peng
245 0 _aIntrrusion in Distributed Systems
260 _bKluwer Acedemic Publishers
_aUSA
_c2004
300 _a136
546 _aEng.
650 _aComputer
_vNetworking
942 _cBK
999 _c6941
_d6941